000 00523nam a2200181Ia 4500
008 100917s9999 xx 000 0 und d
082 _b33568
100 _aभावे पु. भा.
245 _aदेव्हारा (आ. 2 री)
260 _bमेनका प्रकाशन
_c1977
300 _a178
365 _b10
520 _aकथा
630 _aदेव्हारा (आ. 2 री)
650 _aकथा
730 _aदेव्हारा (आ. 2 री)
942 _cBOOK
999 _c638962
_d638959